[Event "Sao Paulo op-C U1700 6th"]
[Site "Sao Paulo"]
[Date "2017.04.15"]
[Round "4"]
[White "Ferreira, Caio Tulio Moreira"]
[Black "Santos, Olavo Luis Dos"]
[Result "1-0"]
[WhiteElo "1522"]
[BlackElo "1640"]
[PlyCount "112"]
[EventDate "2017.04.14"]
[EventType "swiss"]
[EventRounds "6"]
[EventCountry "BRA"]
[SourceTitle "EXT 2019"]
[Source "ChessBase"]
[SourceDate "2018.10.10"]
[SourceVersion "1"]
[SourceVersionDate "2018.10.10"]
[SourceQuality "1"]

1. e4 e6 2. d4 d5 3. Nd2 Be7 4. e5 c5 5. c3 Nc6 6. Ne2 Qb6 7. Nf3 f6 8. exf6 Nxf6 9. Ne5 cxd4 10. Nxc6 bxc6 11. Nxd4 c5 12. Nf3 0-0 13. Bd3 Ng4 14. h3 Nf6 15. 0-0 Ba6 16. Re1 Bxd3 17. Qxd3 c4 18. Qc2 Ne4 19. Be3 Bc5 20. b4 cxb3 21. axb3 Rac8 22. b4 Bxe3 23. Rxe3 Qxb4 24. Rxa7 Rxc3 25. Rxc3 Qxc3 26. Qxc3 Nxc3 27. Re7 Ne2+ 28. Kf1 Nf4 29. Nd4 Rc8 30. Kg1 Kf8 31. Rb7 g6 32. Rxh7 e5 33. Rh8+ Kf7 34. Rxc8 exd4 35. Rc2 Ke6 36. h4 d3 37. Rd2 Ke5 38. g3 Ne2+ 39. Kf1 Ke4 40. Rxe2+ dxe2+ 41. Kxe2 d4 42. f3+ Ke5 43. Kd3 Kd5 44. f4 Kc5 45. g4 Kd5 46. h5 gxh5 47. gxh5 Ke6 48. Kxd4 Kf5 49. h6 Kg6 50. Ke5 Kxh6 51. Ke6 Kg7 52. f5 Kf8 53. Kf6 Kg8 54. Ke7 Kg7 55. f6+ Kg8 56. f7+ Kh7 1-0

[Event "Caldas Novas op 1st"]
[Site "Caldas Novas"]
[Date "2017.03.10"]
[Round "1"]
[White "Santos, Olavo Luis Dos"]
[Black "De Paiva Filho, Luiz Americo"]
[Result "0-1"]
[WhiteElo "1632"]
[BlackElo "1934"]
[PlyCount "106"]
[EventDate "2017.03.10"]
[EventType "swiss"]
[EventRounds "6"]
[EventCountry "BRA"]
[SourceTitle "CBM 177 Extra"]
[Source "ChessBase"]
[SourceDate "2017.04.27"]
[SourceVersion "1"]
[SourceVersionDate "2017.04.27"]
[SourceQuality "1"]

1. d4 Nf6 2. Nf3 e6 3. Bf4 c5 4. c3 Qb6 5. Qc2 Nc6 6. e3 cxd4 7. Nxd4 Be7 8. Nd2 d5 9. Bd3 Bd7 10. 0-0 Rc8 11. Qb3 Qxb3 12. N2xb3 h6 13. h3 0-0 14. Rac1 Rfe8 15. Rfe1 Bf8 16. Nxc6 Bxc6 17. Be5 Nd7 18. Bh2 e5 19. e4 dxe4 20. Bxe4 Bxe4 21. Rxe4 f5 22. Re2 f4 23. Rd1 Nf6 24. Rde1 Bd6 25. Nd2 Kf7 26. Ne4 Nxe4 27. Rxe4 b5 28. Kf1 g5 29. g3 Red8 30. gxf4 gxf4 31. Ke2 Kf6 32. Rd1 Kf5 33. f3 Bc5 34. Rxd8 Rxd8 35. a3 Be3 36. Rxe3 fxe3 37. Kxe3 Rd1 38. Bg3 Rb1 39. Bh4 Rh1 40. Bf2 Rxh3 41. Ke2 Rh2 42. b3 Kf4 43. c4 bxc4 44. bxc4 e4 45. fxe4 Kxe4 46. a4 Rxf2+ 47. Kxf2 Kd4 48. Kg3 Kxc4 49. Kg4 a5 50. Kh5 Kb3 51. Kxh6 Kxa4 52. Kg5 Kb4 53. Kf4 a4 0-1

[Event "Goiania Goias Cup"]
[Site "Goiania"]
[Date "2015.09.26"]
[Round "4"]
[White "Dos Santos, Flavia Rodrigues"]
[Black "Santos, Olavo Luis Dos"]
[Result "1-0"]
[WhiteElo "1451"]
[BlackElo "1671"]
[PlyCount "113"]
[EventDate "2015.09.25"]
[EventType "swiss"]
[EventRounds "6"]
[EventCountry "BRA"]
[SourceTitle "EXT 2016"]
[Source "ChessBase"]
[SourceDate "2015.10.08"]
[SourceVersion "1"]
[SourceVersionDate "2015.10.08"]
[SourceQuality "1"]

1. e4 e6 2. Nc3 d5 3. exd5 exd5 4. d4 Nf6 5. Bg5 Bb4 6. Qf3 Bg4 7. Bxf6 Bxf3 8. Bxd8 Kxd8 9. Nxf3 Re8+ 10. Be2 Nd7 11. a3 Bxc3+ 12. bxc3 Nf6 13. Ne5 Re7 14. 0-0 Ne4 15. c4 f6 16. Nf3 c6 17. cxd5 cxd5 18. Rfe1 Rc8 19. Bd3 b6 20. Bxe4 dxe4 21. Nd2 Rxc2 22. Nxe4 Rd7 23. Red1 Rc4 24. g3 Rcxd4 25. Rxd4 Rxd4 26. Nc3 Rc4 27. Ne2 g5 28. Kf1 b5 29. Ke1 a5 30. Kd2 f5 31. Kd3 Ra4 32. Nd4 b4 33. Nxf5 Kc7 34. Nd4 Kb6 35. Nc2 b3 36. Nd4 b2 37. Rb1 Rxa3+ 38. Kc2 Ra1 39. Rxb2+ Ka6 40. Nb3 Rh1 41. Nc5+ Ka7 42. Rb7+ Ka8 43. Rxh7 Rg1 44. Kb3 Rg2 45. Ka4 Rxf2 46. Kxa5 Rf5 47. Kb6 Rf6+ 48. Ka5 Rf5 49. Kb4 Rf2 50. Ne4 Rc2 51. Kb3 Rc8 52. Nxg5 Rg8 53. h4 Rd8 54. Kc4 Rc8+ 55. Kb5 Rf8 56. Nf7 Rg8 57. Rh8 1-0

[Event "Goiania Goias Cup"]
[Site "Goiania"]
[Date "2015.09.26"]
[Round "3"]
[White "Santos, Olavo Luis Dos"]
[Black "Deste, Dayan Kuhn"]
[Result "0-1"]
[WhiteElo "1671"]
[BlackElo "1920"]
[PlyCount "44"]
[EventDate "2015.09.25"]
[EventType "swiss"]
[EventRounds "6"]
[EventCountry "BRA"]
[SourceTitle "EXT 2016"]
[Source "ChessBase"]
[SourceDate "2015.10.08"]
[SourceVersion "1"]
[SourceVersionDate "2015.10.08"]
[SourceQuality "1"]

1. d4 d5 2. Nf3 Bf5 3. e3 e6 4. c4 Nc6 5. Bd2 Nf6 6. Qb3 Rb8 7. cxd5 exd5 8. a3 a6 9. Nc3 Be7 10. Rc1 0-0 11. g3 Re8 12. Bg2 Na5 13. Qa2 Nc4 14. Nxd5 Nxd2 15. Nxf6+ Bxf6 16. Nxd2 Qxd4 17. Nc4 Bd3 18. Rc3 Rbd8 19. Qb3 b5 20. Rxd3 Qxd3 21. Qxd3 Rxd3 22. Ke2 bxc4 0-1